El catolicismo social frente a las grandes corrientes contemporáneas /

Αποθηκεύτηκε σε:
Λεπτομέρειες βιβλιογραφικής εγγραφής
Μορφή: Βιβλίο
Γλώσσα:Ισπανικά
Σειρά:(Estudios Sociales Jus)
Θέματα:
Ετικέτες: Προσθήκη ετικέτας
Δεν υπάρχουν, Καταχωρήστε ετικέτα πρώτοι!

MARC

LEADER 00000nam^a2200000^a^4500
001 000128377
005 20250521000000.0
009 20260310094834.246
037 |a Acervo ITESO - Biblioteca 
041 |a ESP 
082 |a 261. 7  |b CAT 
245 0 3 |a El catolicismo social frente a las grandes corrientes contemporáneas /  |c Ch. Flory... [et al.]. ; tr. por Pedro Vázquez Cisneros. 
264 |a México :  |b Jus,  |c 1953 
300 |a 471 p. 
336 |a texto  |b txt  |2 rdacontenido 
337 |a sin mediación  |b n  |2 rdamedio 
338 |a volumen  |b nc  |2 rdasoporte 
440 1 |a (Estudios Sociales Jus) 
649 |a XX 
650 |a Economía 
650 |a Socialismo 
650 |a Marxismo 
650 |a Liberalismo 
650 |a Catolicismo 
650 |a Orden Social 
650 |a Cambios Sociales y Culturales 
650 |a Política Social 
650 |a Estado, El 
650 |a Población 
650 |a Familia 
650 |a Medios de Comunicación y Estado 
650 |a Hombre 
650 |a Revolución 
650 |a Política y Religión 
910 |a Fondo Salvador Reynoso Reynoso 
920 |a Impresos - Libros 
930 |a Fondos Especiales 
905 |a 112 
901 |a 0800010208  |b IT2  |c ESP  |u 20250521 
902 |a https://opac.biblio.iteso.mx/vufind/Record/000128377